00341nam a22001337a 450000500170000000800410001702000180005804100080007608200100008410000190009424500330011326000530014630000080019920160426102216.0160426b xxu||||| |||| 00| 0 eng d a0-07-463652-9 aeng b00001 aPurkayastha, S aGlobal Innovation Strategics aNew DelhibTata Mc-Graw Hill Publi. Co Ltdc2000 a194